02487cam a22005054i 4500003000900000005001700009008004100026020001500067020001800082035002000100040003300120049000900153082002100162100002800183245009500211264007800306300004200384336002100426337002500447338002300472504004000495504003400535505055100569526001001120526001001130526001001140526001001150526000801160526000801168526000801176526000801184526000801192526000801200526000801208650004601216650006301262650002901325910002901354942001401383949019601397596000601593999015701599980005501756952017001811PE-LiUPU20250731172905.0170124s2016 miu rb 001 0 eng d a0802873073 a9780802873071 a(Sirsi) a166405 aPE-LiUPUbspacPE-LiUPUerda aPRUA04a241.962bB822231 aBrett, Mark G.,eautor.10aPolitical trauma and healing :bbiblical ethics for a postcolonial world /cMark G. Brett. 1aGrand Rapids, Michighan :bWilliam B. Eerdmans Publishing Company,c2016. aviii, 248 páginas ;c23 centimetros atext2rdacontent aunmediated2rdamedia avolume2rdacarrier aBibliografía : páginas 214-241. aÍndices: páginas 242-248.0 aThe ethics of conversation -- Limits and possibilities of secular theology -- Justice and postcolonial challenges -- Authors, imaginaries, and the ethics of interpretation -- Inner-biblical conversations -- Unfolding the national imaginary -- Sovereignty in the priestly tradition -- Isaiah, holiness, and justice -- Alternatives to the national tradition in Job -- Engaging the present -- Reconciliation and national sovereignties -- Undocumented immigrants, asylum seekers, and human rights -- Justice for the earth -- Economics and redemption. aSEG42 aSEG41 aSEG40 aSEG39 aP94 aP87 aP86 aP85 aP77 aP76 aP3507aÉtica cristianaxEnseñanza bíblica.07aEl cristianismo y la políticaxLa enseñanza bíblica.07aTeología postcolonial. ajckbjvqcjckd20170124. 2ddccBOOK a241.962 B82wDEWEYc1i75584lCATALOGINGmBULp20.00r0sYtBOOKu2017-01-24xTEOLOGIAzPOSGRADO TEOLOGÍA0COMPRAo.CIRCNOTE. El documento es de alto precio.o.STAFF. Colección Teología a1 a241.962 B82wLCc15145i75584f2021-11-10g5lCCODEBUL1mBULp20.00r0sYtBOOKu2017-1-24xTEOLOGIAPP850COMPRAo.STAFF. Colección Teologíad15145 81gALBERTO SANCHEZ Responsable de Automatización r2025-12-03 00:00:00i6l0o241.962 B82p75584te1v25.00w2017-01-24xPGyBKzinventario-2023-12-13102ddc50708GENfP85aBULbBULcGENd2017-01-24eCOMPRAg20.00